000 00294nam a22001337a 4500
008 170828b xxu||||| |||| 00| 0 eng d
020 _a9780761985068
041 _aeng
080 _a070
100 _a39
101 _aMED
245 _aNEWS IN A NEW CENTURY
_cLANSON.J
942 _2udc
_cBK
999 _c25156
_d25156